The Chemical industry sector.

Bibliographic Details
Format: Book
Published: Groenkloof: The Department of Trade and Industry South Africa, [2002].
Subjects:
LEADER 00469cam a2200145 7i4500
001 0000019208
005 20070503090000.0
090 0 0 |a P 338.4766   |b CHE 
245 0 0 |a The Chemical industry sector. 
260 0 0 |a Groenkloof:   |b The Department of Trade and Industry South Africa,   |c [2002]. 
300 # # |a 12 p. 
650 0 0 |a Chemical --   |z South Africa  
650 0 0 |a Chemical industry --   |z South Africa  
651 0 0 |a South Africa  
999 |a 0000018525  |b Book  |c Products  |e Business Information Centre